|
|
|
|
| LEADER |
01186nam a2200205 a 4500 |
| 008 |
100725s2001 bg 000 0 ben |
| 040 |
|
|
|a BD-DhAAL
|c BD-DhAAL
|d BD-DhAAL
|
| 082 |
0 |
0 |
|a 791.44/6
|2 22
|
| 245 |
1 |
0 |
|a কমিউনিটি রেডিও হ্যান্ডবুক /
|c কলিন ফ্রেইজার ও সোনিয়া রেস্ট্রিপো আ্যাস্ট্রাডা.
|
| 260 |
|
|
|a ঢাকা :
|b ম্যাস লাইন মিডিয়া সেন্টার, ;
|a প্যারিস :
|b ইউনেস্কো,
|c ২০০১
|
| 300 |
|
|
|a ৯৬ পৃ. ;
|c ২২ সে.মি.
|
| 541 |
1 |
|
|e 00020076
|
| 700 |
1 |
0 |
|a ফেরদৌস,জান্নাতুল.
|
| 700 |
|
|
|a ফ্রেইজার,কলিন
|
| 700 |
|
|
|a আ্যাস্ট্রাডা,সোনিয়া রেস্ট্রিপো.
|
| 650 |
|
|
|a Documentary radio programs.
|
| 650 |
|
0 |
|a Community radio.
|
| 852 |
4 |
|
|a Ayesha Abed Library
|j General shelf.
|
| 999 |
|
|
|c 9478
|d 9478
|
| 952 |
|
|
|0 0
|1 0
|2 ddc
|4 0
|6 791_440000000000000_6_COM_2001
|7 0
|9 12029
|a BRACUL
|b BRACUL
|c GEN
|d 2010-09-23
|l 1
|m 6
|o 791.446 COM
|p 3010020076
|r 2024-05-11
|s 2024-02-28
|t 1
|w 2010-09-23
|y BK
|